000 00766naa a2200229 i 4500
001 2147
003 ES-MaBCM
005 20241016090631.0
008 880606s1988 gbr 000 0 spa d
021 _axx
035 _a(OCoLC)1365174840
040 _cES-MaBCM
041 0 _aspa
043 _agbr
100 1 _aSánchez Fierro, Julio
_942075
245 1 3 _aLa reforma profesional del sistema educativo
_b: el punto de vista empresarial
_cJulio Sánchez Fierro
520 _aDado que el sistema educativo profesional se considera inoperante, la CEOE expresa sus puntos de vista
650 2 7 _aFormación profesional
_958741
651 2 4 _aEspaña
_9115342
773 0 _aEn:
_tActualidad laboral
_dMadrid : 1988
_w104211
_gnº 21, mayo ; p. 1177-1181
942 _cAREV
999 _c2147
_d2147